MDQL
is popping MORE tags! Check the
thread
!
Quizzes
Events
Quiz Creation
Community
Videos
Private Events
Remove Ads
Sign In
Join for FREE
Feedback
Dark Mode
Quiz Categories
Sports
Geography
Music
Movies
Television
Just For Fun
Miscellaneous
History
Literature
Language
Science
Gaming
Entertainment
Religion
Holiday
For Kids
Quiz Lab
Recent
Popular Today
Quiz Kudos Today
Editor Picks
Curator Picks
Quizzes by...
Day
Popularity
Type
Ratings
Length
Year
Community
Subscriptions
Recent Discussions
Orange Saloon
Badges
Playlists
Quests
Create
Leaderboards
Showdown
Live 5
Trivia Bingo
Activity
Puzzle Library
Sporcle Events
Private Events
Virtual Trivia
Globe League
Become a Host
Pub Owners
SporcleCon
Opinionation
Our Games
Videos
Blog
Mobile Apps
Partnerships
Remove Ads and Go Orange
Feedback
Science
Computer
Plants
Astronomy
Chemistry
Elements
Math
Animal
Physics
Anatomy
Biology
Geology
General Science
Science
Computer
Plants
Astronomy
Chemistry
Elements
Math
Animal
Physics
Anatomy
Biology
Geology
General Science
Random Quiz
Search Sporcle
×
Quiz Lab
Quiz Lab
Science
Lower Limb
Type in answers that appear in a list
Type in answers that appear in a list
Classic
Best Score? Go Orange.
Lower Limb Muscle Innervations Stats
Can you name the Lower Limb Muscle Innervations ?
By
babydoctor
10m
23 Questions
3,748 Plays
3,748 Plays
3,748 Plays
Comments
Comments
Give Quiz Kudos
Give Quiz Kudos
-
- Ratings
hide this ad
Forced Order
Answers have to be entered in order
Answers have to be entered in order
Random Order
Randomize order of answers
Randomize order of answers
Replay
Link that replays current quiz
Next Quiz
Link to next quiz in quiz playlist
You Got
0%
They Got
Avg Score
69%
Avg Friend Score
Upgrade to see
Score Distribution
Jump to the score distribution portion of the page
Score
0/23
Timer
10:00
0
Plays Today
Muscle
Nerve Innervation
% Correct
Vastus medialis (Quadricep)
Femoral
85.4%
Vastus lateralis (Quadricep)
Femoral
85.3%
Rectus femoris (Quadricep)
Femoral
85.3%
Vastus intermedius (Quadricep)
Femoral
85.1%
Sartorius
Femoral
83.1%
Adductor longus
Obturator
81.7%
Adductor brevis
Obturator
81.6%
Adductor magnus
Obturator, tibial
81.5%
Gracilis
Obturator
79.1%
Adductor minimus
Obturator
78.9%
Gluteus maximus
Inferior gluteal
78.1%
Gluteus minimus
Superior gluteal
78%
Muscle
Nerve Innervation
% Correct
Gluteus medius
Superior gluteal
77.2%
Pectineus
Femoral, obturator
76.4%
Obturator externus
Obturator
73.5%
Semitendinosus
Tibial
70.3%
Semimembranosus
Tibial
69.9%
Biceps femoris
Tibial, Common fibular
69.6%
Iliacus
Femoral
58.7%
Tensor fasciae latae
Superior gluteal
57.6%
Psoas minor/
major
L2-L4
20.5%
Piriformis
S1-S2
20.3%
Obturator internus, Gemeli, Quadratus femoris
L5-S1
18%
Quiz Playlist
Details
Report
Send in Message
Add To Playlist
Classic:
Type in answers that appear in a list
Forced Order:
Answers have to be entered in order
Random Order:
Randomize order of answers
Last Updated: Nov 13, 2018
Quiz Scoreboard
CHALLENGE
Sign Up to Join the Scoreboard
Show All
Scores
Hide
Comments
May contain spoilers
Recently Published
Colored Red Africa Blitz
by spor1
Geography
30s
Find the 'City' Movie
by crazypaving
Movies
60s
5x2 Blitz: Bands
by SL_Kpop136
Music
30s
More to Explore
Quiz From the Vault
Featured Blog Post
14 Easter Pick-up Lines to Find Eggs With
hide this ad
You Might Also Like...
Tags
Innervation
limb
location
Lower Limb
muscle
Muscle Innervations
Nerve
Today's Top Quizzes in Science
Browse Science
hide this ad
Top Contributed Quizzes in Science
1
Windmill: Elements
2
200 Vogels in Nederland
3
Square Numbers Scrambled (1-50)
4
Count to 60
5
Glycolysis
6
Elements In Images
7
17 TIMES TABLE
8
4-letter Elementary Words III
9
The First 100 Digits of Pi
10
Astronomy Spelling Bee
Explore More
Trending Topics
Marvel
Harry Potter
NBA
Disney
Anime
Crossword
Kpop
Pokémon
Song
NFL
Puzzle
The Office
Soccer
Country
WWE
hide this ad
More By:
babydoctor
Quiz
Plays
Rating
Category
Featured
Created
Lower Limb Muscle Innervations
3,748
Science
Sep 17, 2011
Sensorineural Hearing Loss
1,853
Science
Nov 24, 2011
Congenital Heart Disease
696
5.00
Science
Mar 20, 2011
Lower Limb Anatomy
522
Science
Sep 16, 2011
Childhood Exanthems
443
Science
Apr 13, 2012
Go to Creator's Profile
Score Distribution
Quiz Creator Spotlight
babydoctor
Follow
Send a Message
Quizzes Created
-
Created Quiz Play Count
-
More By This Creator
Popular Quizzes Today
1
Colored Red Africa Blitz
2
Find the US States - No Outlines Minefield
3
Find the 'City' Movie
4
5x2 Blitz: Bands
5
The Countries of the World
6
Find the US States
7
Find the Countries of Europe - No Outlines Minefield
8
US States
More Science Quizzes
The NASA Astronaut Quiz
Published
Trending Quizzes
Colored Red Europe Blitz I
Colored Red Europe Blitz II
Colored Red Africa Blitz II
Colored Red Europe Blitz III
Colored Red Africa Blitz III
Recently Updated
How Do You Spell That?
pecheneg
Godzilla Movies
pecheneg
Grab Bag: 4-10 Letters
pecheneg
2024 March Madness Bracket
pecheneg
Famous TV Couples
Peacemaker
Champions League XIs: Real Madrid
pecheneg
Largest US Cities 1790-2010
pecheneg
Rides in Walt Disney World
pecheneg
Most Oscar Losses (Acting)
pecheneg
Beyoncé Albums
pecheneg
Trending Topics
Disney
Anime
NBA
Harry Potter
Marvel
Crossword
Kpop
The Office
Pokémon
Puzzle
NFL
WWE
Country
Song
Soccer
Your Account Isn't Verified!
In order to create a playlist on Sporcle, you need to verify the email address you used during registration. Go to your
Sporcle Settings
to finish the process.
Report this User
Report this user for behavior that violates our
Community Guidelines
.
Details:
Send Report
Go to the Sporcle.com Mobile Site →
Comments